MARC details
| 000 -CABECERA |
| campo de control de longitud fija |
04471nam a2200517Ia 4500 |
| 001 - NÚMERO DE CONTROL |
| campo de control |
dia_2939 |
| 003 - IDENTIFICADOR DEL NÚMERO DE CONTROL |
| campo de control |
CHAP |
| 005 - FECHA Y HORA DE LA ÚLTIMA TRANSACCIÓN |
| campo de control |
20240808181213.0 |
| 007 - CAMPO FIJO DE DESCRIPCIÓN FÍSICA--INFORMACIÓN GENERAL |
| campo de control de longitud fija |
ta |
| 008 - DATOS DE LONGITUD FIJA--INFORMACIÓN GENERAL |
| campo de control de longitud fija |
220601s2016 mx bdeofrm 001 0 spa d |
| 040 ## - FUENTE DE LA CATALOGACIÓN |
| Centro catalogador/agencia de origen |
mxchpua |
| Centro/agencia transcriptor |
CHAP |
| Normas de descripción |
rda |
| 041 0# - CÓDIGO DE LENGUA |
| Código de lengua del texto/banda sonora o título independiente |
spa |
| Código de lengua del sumario o resumen |
eng |
| 090 ## - LOCALMENTE ASIGNADO TIPO-LC NÚMERO DE CLASIFICACIÓN (OCLC); NÚMERO DE CLASIFICACIÓN LOCAL (RLIN) |
| Número de clasificación (OCLC) (R) ; Numero de clasificación, CALL (RLIN) (NR) |
Tesis |
| Número cutter local (OCLC) ; Número de libro/Signatura topográfica íntegra, CALL (RLIN) |
G35 |
| año |
2016 |
| 100 1# - ENTRADA PRINCIPAL--NOMBRE DE PERSONA |
| Nombre de persona |
Galván Carrillo, Blanca Guadalupe |
| 245 10 - MENCIÓN DE TÍTULO |
| Título |
Estudio de factibilidad para el establecimiento de un centro de servicio para el acondicionamiento de cáliz de jamaica (Hibiscus sabdariffa L.) en el municipio de Jala, Nayarit / |
| Mención de responsabilidad, etc. |
Blanca Guadalupe Galván Carrillo |
| 264 ## - PRODUCCIÓN, PUBLICACIÓN, DISTRIBUCIÓN, FABRICACIÓN Y COPYRIGHT |
| Producción, publicación, distribución, fabricación y copyright |
Chapingo, México : |
| Nombre del de productor, editor, distribuidor, fabricante |
El autor, |
| Fecha de producción, publicación, distribución, fabricación o copyright |
2016 |
| 300 ## - DESCRIPCIÓN FÍSICA |
| Extensión |
xv, 70 hojas : |
| Otras características físicas |
mapas, gráficas, diagramas, tablas, fotos, planos + |
| Material acompañante/anejo |
1 CD-ROM |
| 336 ## - TIPO DE CONTENIDO |
| Fuente |
rdacontent |
| Término de tipo de contenido |
texto |
| Código de tipo de contenido |
txt |
| 337 ## - TIPO DE MEDIO |
| Fuente |
rdamedia |
| Nombre/término del tipo de medio |
no mediado |
| Código del tipo de medio |
n |
| 338 ## - TIPO DE SOPORTE |
| Fuente |
rdacarrier |
| Nombre/término del tipo de soporte |
volumen |
| Código del tipo de soporte |
nc |
| 500 ## - NOTA GENERAL |
| Nota general |
El CD contiene presentación y reporte --<br/>Los planos están incluidos en el reporte |
| 502 ## - NOTA DE TESIS |
| Nota de tesis |
Formulación y Evaluación de Proyectos |
| Tipo de título |
(Ingeniero Agroindustrial) -- |
| Nombre de la institución que otorga el título |
UACh. Departamento de Ingeniería Agroindustrial, |
| Año de obtención del título |
2016 |
| 504 ## - NOTA DE BIBLIOGRAFÍA, ETC. |
| Nota de bibliografía, etc. |
Bibliografía: hojas 67-69 |
| 505 ## - NOTA DE CONTENIDO CON FORMATO |
| Nota de contenido con formato |
4 planos --<br/>1. Plano de distribución de áreas (planta baja) (Esc. 1:100) --<br/>2. Plano de distribución de áreas (planta alta) (Esc. 1:100) --<br/>3. Plano de distribución de equipo (Esc. 1:100) --<br/>4. Diagrama de recorrido de proceso (Esc. 1:100) |
| 520 3# - SUMARIO, ETC. |
| Sumario, etc. |
El proyecto que a continuación se presenta tiene la finalidad de conocer la factibilidad y vialidad para la puesta en marcha de un centro de servicio para el acondicionamiento de cáliz de jamaica en Jala, Nayarit, para esto se analizaron antecedentes de producción, técnicos, económicos, ingenieriles y sociales <br/>Para determinar la sustentabilidad del proyecto se realizaron diferentes procesos de investigación como el estudio de la zona productora de jamaica, el historial de producción, la forma de organización, entre otros. <br/>Se determinó la localización de la planta en el municipio de Jala en el estado de Nayarit, debido a la cercanía de zonas productoras y centros de consumo como Guadalajara Jal., sin embargo, el análisis de rentabilidad bajo las condiciones que se plantea dicho proyecto nos arroja una TIR de -1%, un VAN de -$2, 624,474.72 y una relación beneficio-costo de $0.71, indicadores que permiten dictaminar que el proyecto no es rentable. Se requiere de un apoyo del gobierno federal para adquirir parte de la infraestructura requerida y poder amortizar la inversión de los socios con los flujos del proyecto. -- |
| 520 3# - SUMARIO, ETC. |
| Sumario, etc. |
The project presented below is intended to know the feasibility and viability for the launch of a service center for conditioning chalice of jamaica in Jala, Nayarit, for this the production, technical, economic analyzed, engineering and social background were analized. <br/>To determine the sustainability of the Project different research such as the study of the jamaica production area production history, the organization structure, among others were performed. <br/>The location of the planta was determinated in the municipality of Jala in the state of Nayarit, due to the proximity of production areas and consumption centers like Guadalajara Jal., however the profitability analysis under the conditions that the Project poses the Project, throws us -1% IRR, NPV of -$2,304,542.63 and benefit cost ratio of $0.71, indicators that dictate that the Project is not profitable. It requires support from the federal government to acquire part of the required infrastructure and to amortize the investment partners whit project cash flows. |
| 650 13 - PUNTO DE ACCESO ADICIONAL DE MATERIA--TÉRMINO DE MATERIA |
| Término de materia o nombre geográfico como elemento de entrada |
Cáliz |
| Subdivisión general |
Jamaica |
| Fuente del encabezamiento o término |
atg |
| 650 13 - PUNTO DE ACCESO ADICIONAL DE MATERIA--TÉRMINO DE MATERIA |
| Término de materia o nombre geográfico como elemento de entrada |
Hibiscus sabdariffa |
| Fuente del encabezamiento o término |
atg |
| 650 13 - PUNTO DE ACCESO ADICIONAL DE MATERIA--TÉRMINO DE MATERIA |
| Término de materia o nombre geográfico como elemento de entrada |
Secado |
| Fuente del encabezamiento o término |
atg |
| 650 13 - PUNTO DE ACCESO ADICIONAL DE MATERIA--TÉRMINO DE MATERIA |
| Término de materia o nombre geográfico como elemento de entrada |
Preservación de alimentos |
| Fuente del encabezamiento o término |
atg |
| 650 13 - PUNTO DE ACCESO ADICIONAL DE MATERIA--TÉRMINO DE MATERIA |
| Término de materia o nombre geográfico como elemento de entrada |
Plantas procesadoras de alimentos |
| Subdivisión geográfica |
México |
| -- |
Nayarit |
| Fuente del encabezamiento o término |
atg |
| 650 13 - PUNTO DE ACCESO ADICIONAL DE MATERIA--TÉRMINO DE MATERIA |
| Término de materia o nombre geográfico como elemento de entrada |
Calyx |
| Subdivisión general |
Roselle |
| Fuente del encabezamiento o término |
atg |
| 650 13 - PUNTO DE ACCESO ADICIONAL DE MATERIA--TÉRMINO DE MATERIA |
| Término de materia o nombre geográfico como elemento de entrada |
Drying |
| Fuente del encabezamiento o término |
atg |
| 650 13 - PUNTO DE ACCESO ADICIONAL DE MATERIA--TÉRMINO DE MATERIA |
| Término de materia o nombre geográfico como elemento de entrada |
Food preservation |
| Fuente del encabezamiento o término |
atg |
| 650 13 - PUNTO DE ACCESO ADICIONAL DE MATERIA--TÉRMINO DE MATERIA |
| Término de materia o nombre geográfico como elemento de entrada |
Food processing plants |
| Subdivisión geográfica |
Mexico |
| -- |
Nayarit |
| Fuente del encabezamiento o término |
atg |
| 700 1# - PUNTO DE ACCESO ADICIONAL--NOMBRE DE PERSONA |
| Nombre de persona |
García Chávez, Luis Ramiro |
| Término indicativo de función/relación |
director |
| 700 1# - PUNTO DE ACCESO ADICIONAL--NOMBRE DE PERSONA |
| Nombre de persona |
Suárez Espinosa, Carlos |
| Término indicativo de función/relación |
asesor |
| 700 1# - PUNTO DE ACCESO ADICIONAL--NOMBRE DE PERSONA |
| Nombre de persona |
Sandoval Castilla, Ofelia |
| Término indicativo de función/relación |
asesora |
| 856 41 - LOCALIZACIÓN Y ACCESO ELECTRÓNICOS |
| Identificador Uniforme del Recurso |
<a href="http://10.13.5.2/tesis/sist112518.pdf">http://10.13.5.2/tesis/sist112518.pdf</a> |
| Texto de enlace |
DESCARGAR PDF |
| 901 ## - ELEMENTOS DE DATOS A LOCAL LDA (RLIN) |
| a |
TESIS G35 2016 |
| 942 ## - ELEMENTOS DE PUNTO DE ACCESO ADICIONAL (KOHA) |
| Tipo de ítem Koha |
TESIS |
| Fuente del sistema de clasificación o colocación |
Clasificación Universidad Autónoma Chapingo |
| 902 ## - ELEMENTOS DE DATOS B LOCAL, LDB (RLIN) |
| a |
M |
| 905 ## - ELEMENTOS DE DATOS E LOCAL, LDE (RLIN) |
| a |
5232272016 mx emdl8223123322spa16 |